000 00723nam a2200277Ia 4500
005 20260324114735.0
008 008 260324s9999 xx 000 0 eng d
020 _a9780429292033
037 _aEBOOK
040 _aCRL
040 _beng
040 _cCRL
041 _2eng
041 _aeng
084 _qCRL
100 _aMahdi Nikdast; Sudeep Pasricha; Gabriela Nicolescu; Ashkan Seyedi; Di Liang
_91151975
245 0 _aSilicon Photonics for High-Performance Computing and Beyond
260 _bTaylor and Francis
260 _c2021
365 _a
365 _b355
856 _uhttp://www.taylorfrancis.com/books/9780429292033
942 _cEBOOK
999 _c1742326
_d1742326